00902nam a2200253 a 450000100060000000300080000600500170001400800410003102000220007203500190009404000270011304100080014008200240014810000340017224500820020625000120028826000480030030000280034850400510037665000310042794200120045899900170047095201610048772185BD-RjUL20211209082224.0170514s1993 enka b 001 0 eng  a0198557469 (pbk.) a(BD-RjUL)72401 aDLCcDLCdBD-RjULbeng aeng00a546.6223bHEM 19931 aHenderson, Richard A.921347014aThe mechanism of reactions at transition metal sites /cRichard A. Henderson. a1st ed. aNew York :bOxford University Press,c1993. a87 p. :bill. ;c26 cm. aIncludes bibliographical references and index. 0aTransition metals.9160120 2ddccBK c72185d72185 00102ddc40718NFICaRUCLbRUCLcReadingd1999-05-29eDhaka, Paragon Enterprises Ltd.g419.00l0o546.6 HEM 1993r2017-05-14 00:00:00tC-1w2017-05-14yBK